[Event "HUN-chT2 Erkel 1819"]
[Site "Hungary"]
[Date "2019.03.10"]
[Round "7.7"]
[White "Zamodics, Peter"]
[Black "Malik, Andras"]
[Result "1/2-1/2"]
[WhiteElo "1952"]
[BlackElo "1903"]
[PlyCount "23"]
[EventDate "2018.10.28"]
[EventType "team-tourn"]
[EventRounds "9"]
[EventCountry "HUN"]
[SourceTitle "EXT 2021"]
[Source "ChessBase"]
[SourceDate "2020.10.23"]
[SourceVersion "1"]
[SourceVersionDate "2020.10.23"]
[SourceQuality "1"]
[WhiteTeam "Fot"]
[BlackTeam "Andornaktalya"]
[WhiteTeamCountry "HUN"]
[BlackTeamCountry "HUN"]

1. d4 Nf6 2. c4 g6 3. Nc3 d5 4. e3 Bg7 5. cxd5 Nxd5 6. Bc4 e6 7. Nge2 0-0 8. 0-0 c6 9. e4 Nxc3 10. bxc3 b6 11. Ba3 Re8 12. f4 1/2-1/2

[Event "HUN-chT2 Erkel 1718"]
[Site "Hungary"]
[Date "2018.03.25"]
[Round "10.3"]
[White "Malik, Andras"]
[Black "Gombocz, Zsolt"]
[Result "1/2-1/2"]
[WhiteElo "1953"]
[BlackElo "2101"]
[PlyCount "73"]
[EventDate "2017.09.24"]
[EventType "team-tourn"]
[EventRounds "11"]
[EventCountry "HUN"]
[SourceTitle "EXT 2021"]
[Source "ChessBase"]
[SourceDate "2020.10.23"]
[SourceVersion "1"]
[SourceVersionDate "2020.10.23"]
[SourceQuality "1"]
[WhiteTeam "Andornaktalya"]
[BlackTeam "Budapest MAFC"]
[WhiteTeamCountry "HUN"]
[BlackTeamCountry "HUN"]

1. e4 Nf6 2. Nc3 d5 3. exd5 Nxd5 4. Nxd5 Qxd5 5. Nf3 Nc6 6. Be2 e5 7. d3 Be7 8. 0-0 0-0 9. Bd2 h6 10. Re1 Bf6 11. Qc1 Bf5 12. Be3 Rad8 13. Nd2 Nd4 14. Bd1 Rfe8 15. Nb3 b6 16. Nxd4 exd4 17. Bf3 Qb5 18. a4 Qd7 19. Bd2 c5 20. b3 Qd6 21. Rxe8+ Rxe8 22. Qf1 Bd7 23. Re1 Rxe1 24. Qxe1 Qe5 25. Qxe5 Bxe5 26. Bd5 Kf8 27. h3 Ke7 28. Kf1 Be6 29. Bxe6 Kxe6 30. f4 Bd6 31. Kf2 f5 32. Kf3 Kf6 33. h4 a6 34. c4 Kg6 35. g3 Kh5 36. Bc1 Be7 37. Bd2 1/2-1/2

[Event "HUN-chT2 Erkel 1617"]
[Site "Hungary"]
[Date "2017.01.29"]
[Round "7.8"]
[White "Malik, Andras"]
[Black "Kocsis, Jozsef"]
[Result "0-1"]
[WhiteElo "1975"]
[BlackElo "1859"]
[PlyCount "76"]
[EventDate "2016.09.25"]
[EventType "team-tourn"]
[EventRounds "11"]
[EventCountry "HUN"]
[SourceTitle "EXT 2021"]
[Source "ChessBase"]
[SourceDate "2020.10.23"]
[SourceVersion "1"]
[SourceVersionDate "2020.10.23"]
[SourceQuality "1"]
[WhiteTeam "Andornaktalya"]
[BlackTeam "Sarkany DSE"]
[WhiteTeamCountry "HUN"]
[BlackTeamCountry "HUN"]

1. e4 c5 2. Nf3 Nc6 3. c3 d5 4. exd5 Qxd5 5. d4 Nf6 6. Be2 e6 7. 0-0 Be7 8. Na3 0-0 9. Nb5 Qd8 10. dxc5 Bxc5 11. Qxd8 Rxd8 12. Bg5 a6 13. b4 Bb6 14. Na3 Bc7 15. Nc4 b5 16. Ne3 Bb7 17. Nc2 Ne5 18. Ncd4 Rd7 19. Bxf6 gxf6 20. a4 Nxf3+ 21. Nxf3 bxa4 22. Rxa4 e5 23. Raa1 e4 24. Nd4 Be5 25. Rfd1 Bxd4 26. cxd4 Kf8 27. Kf1 Ke7 28. Bg4 Rd5 29. Rac1 Kd6 30. Rc5 Rg8 31. Bh3 Rgg5 32. Rdc1 Rxd4 33. Rc7 Bd5 34. Rd7+ Ke5 35. Rc5 f5 36. Rxf7 Rxb4 37. Bxf5 Kd4 38. Rc1 Bxf7 0-1

[Event "HUN-chT2 Erkel 1617"]
[Site "Hungary"]
[Date "2016.09.25"]
[Round "1.8"]
[White "Balogh, Pal"]
[Black "Malik, Andras"]
[Result "0-1"]
[WhiteElo "1846"]
[BlackElo "1975"]
[PlyCount "190"]
[EventDate "2016.09.25"]
[EventType "team-tourn"]
[EventRounds "11"]
[EventCountry "HUN"]
[SourceTitle "EXT 2021"]
[Source "ChessBase"]
[SourceDate "2020.10.23"]
[SourceVersion "1"]
[SourceVersionDate "2020.10.23"]
[SourceQuality "1"]
[WhiteTeam "Gyongyos Matra"]
[BlackTeam "Andornaktalya"]
[WhiteTeamCountry "HUN"]
[BlackTeamCountry "HUN"]

1. e4 e5 2. d4 exd4 3. Nf3 d6 4. Nxd4 Nf6 5. Nc3 Bd7 6. Bc4 Nc6 7. h3 Be7 8. Be3 a6 9. a3 0-0 10. 0-0 Nxd4 11. Bxd4 Be6 12. Bd3 Qd7 13. f4 Qc6 14. e5 dxe5 15. fxe5 Nd5 16. Ne4 Rad8 17. Qh5 h6 18. b4 Kh8 19. Ng3 Bg5 20. Rae1 Nf4 21. Rxf4 Bxf4 22. Nf5 g6 23. Qg4 Rxd4 24. Nxd4 Bxg4 25. Nxc6 Bd2 26. Rf1 Be6 27. Na5 b6 28. Nc4 Bc3 29. Kh1 Kg7 30. Rf4 Rd8 31. Re4 Rd4 32. Rxd4 Bxd4 33. a4 b5 34. axb5 axb5 35. Na5 Bd7 36. Be4 Bxe5 37. Nc6 Bc3 38. Kg1 f5 39. Bf3 Kf6 40. Kf2 g5 41. Ke3 g4 42. Bd5 Kg5 43. Kd3 Bf6 44. Ke2 Kf4 45. Kf2 Kg5 46. Nb8 Bc8 47. Bc6 Bc3 48. Bxb5 Bxb4 49. Nc6 Bc5+ 50. Kf1 gxh3 51. gxh3 Kh4 52. Kg2 f4 53. Ne5 Bxh3+ 54. Kh2 Bf5 55. c3 Be4 56. Be2 Kg5 57. Nf3+ Kf6 58. Nh4 Be3 59. Kh3 Bf2 60. Nf3 c5 61. Kg4 Be3 62. Kh5 Kg7 63. Kg4 Bg6 64. Nh4 Be4 65. Nf3 Bd5 66. c4 Bf7 67. Ne5 h5+ 68. Kh4 Be8 69. Nf3 Kf6 70. Bd3 Bf2+ 71. Kh3 Bd7+ 72. Kh2 Bc6 73. Be2 Bg3+ 74. Kh3 Bd7+ 75. Kg2 h4 76. Ng1 Ke5 77. Bf3 Kd4 78. Bd5 Kc3 79. Ne2+ Kd3 80. Ng1 Ba4 81. Nf3 Bd1 82. Ne5+ Ke3 83. Nd7 f3+ 84. Kh3 f2 85. Bg2 Be2 86. Nxc5 Bxc4 87. Kg4 f1Q 88. Bxf1 Bxf1 89. Ne6 Be2+ 90. Kh3 Ba6 91. Nc5 Bc8+ 92. Kg2 Bf4 93. Kh1 h3 94. Kg1 Bg4 95. Nb3 h2+ 0-1

[Event "HUN-chT2 Erkel 1516"]
[Site "Hungary"]
[Date "2016.02.14"]
[Round "7.7"]
[White "Malik, Andras"]
[Black "Skomorokhina, Tatyana"]
[Result "1/2-1/2"]
[WhiteElo "2041"]
[BlackElo "2127"]
[PlyCount "63"]
[EventDate "2015.09.13"]
[EventType "team-tourn"]
[EventRounds "11"]
[EventCountry "HUN"]
[SourceTitle "EXT 2017"]
[Source "ChessBase"]
[SourceDate "2016.10.25"]
[SourceVersion "1"]
[SourceVersionDate "2016.10.25"]
[SourceQuality "1"]
[WhiteTeam "Andornaktalya"]
[BlackTeam "Foti"]
[WhiteTeamCountry "HUN"]
[BlackTeamCountry "HUN"]

1. e4 c5 2. Nf3 d6 3. c3 e6 4. d4 Be7 5. dxc5 dxc5 6. Qxd8+ Bxd8 7. Bb5+ Bd7 8. Bxd7+ Nxd7 9. e5 Bc7 10. Bf4 Ne7 11. Na3 Ng6 12. Nb5 Bb8 13. Bg3 Ndxe5 14. Nxe5 Nxe5 15. 0-0-0 0-0 16. Rhe1 Nc4 17. Nd6 Bxd6 18. Bxd6 Rfc8 19. b3 Nb6 20. c4 Rc6 21. Be7 Re8 22. Bd8 Nc8 23. Rd7 Kf8 24. Red1 b6 25. R1d3 a6 26. Rf3 Ne7 27. Bxe7+ Rxe7 28. Rd8+ Re8 29. Rd7 Re7 30. Rd8+ Re8 31. Rd7 Re7 32. Rd8+ 1/2-1/2

[Event "HUN-chT2 Erkel 1516"]
[Site "Hungary"]
[Date "2015.11.08"]
[Round "4.7"]
[White "Yip, Michael"]
[Black "Malik, Andras"]
[Result "1/2-1/2"]
[WhiteElo "1926"]
[BlackElo "2041"]
[PlyCount "66"]
[EventDate "2015.09.13"]
[EventType "team-tourn"]
[EventRounds "11"]
[EventCountry "HUN"]
[SourceTitle "CBM 170 Extra"]
[Source "ChessBase"]
[SourceDate "2016.02.25"]
[SourceVersion "1"]
[SourceVersionDate "2016.02.25"]
[SourceQuality "1"]
[WhiteTeam "Budapest MTK II"]
[BlackTeam "Andornaktalya"]
[WhiteTeamCountry "HUN"]
[BlackTeamCountry "HUN"]

1. d4 Nf6 2. c4 g6 3. Nf3 Bg7 4. g3 c6 5. Bg2 0-0 6. Nc3 d5 7. cxd5 Nxd5 8. 0-0 Nd7 9. e4 Nxc3 10. bxc3 e5 11. Bg5 Qa5 12. Qb3 exd4 13. cxd4 Bxd4 14. Bd2 Qb6 15. Nxd4 Qxd4 16. Bc3 Qb6 17. Qc4 Qc5 18. Qxc5 Nxc5 19. Bb4 b6 20. Bxc5 bxc5 21. Rfc1 Be6 22. Rxc5 Rfd8 23. Rc2 Rd4 24. Rac1 Rad8 25. Bf3 Rd2 26. Kg2 Bxa2 27. Rxd2 Rxd2 28. Rxc6 Rd7 29. Ra6 Bc4 30. Ra5 Rc7 31. e5 Kf8 32. Be4 Ke7 33. f4 Ke6 1/2-1/2

[Event "HUN-chT2 Erkel 1415"]
[Site "Hungary"]
[Date "2014.12.14"]
[Round "4.9"]
[White "Varga, Attila"]
[Black "Malik, Andras"]
[Result "1/2-1/2"]
[WhiteElo "2071"]
[BlackElo "2001"]
[PlyCount "100"]
[EventDate "2014.09.28"]
[EventType "team-tourn"]
[EventRounds "9"]
[EventCountry "HUN"]
[SourceTitle "EXT 2016"]
[Source "ChessBase"]
[SourceDate "2015.10.08"]
[SourceVersion "1"]
[SourceVersionDate "2015.10.08"]
[SourceQuality "1"]
[WhiteTeam "BEAC"]
[BlackTeam "Andornaktalya"]
[WhiteTeamCountry "HUN"]
[BlackTeamCountry "HUN"]

1. d4 Nf6 2. Nf3 g6 3. Bf4 Bg7 4. c3 0-0 5. e3 d5 6. Bd3 Nbd7 7. Nbd2 c5 8. 0-0 c4 9. Be2 b5 10. a4 bxa4 11. Rxa4 Nb6 12. Ra3 a5 13. b3 cxb3 14. Qxb3 Ba6 15. Bxa6 Rxa6 16. c4 Nxc4 17. Nxc4 dxc4 18. Qxc4 Ra8 19. Rfa1 Rc8 20. Qb5 Nd5 21. Bg3 Ra8 22. Rxa5 Rxa5 23. Qxa5 Qxa5 24. Rxa5 Rc8 25. h3 Nc3 26. Ra7 Ne2+ 27. Kh2 Nxg3 28. Kxg3 Kf8 29. Ng5 h6 30. Ne4 Rd8 31. Nc5 e6 32. f4 Kg8 33. Kf3 Bf8 34. Rd7 Re8 35. Ne4 Be7 36. Nd6 Bxd6 37. Rxd6 Kg7 38. g4 Ra8 39. f5 gxf5 40. gxf5 exf5 41. Kf4 Re8 42. Ra6 Re4+ 43. Kf3 Rh4 44. Kg3 Re4 45. Ra3 f4+ 46. Kf3 Rxe3+ 47. Rxe3 fxe3 48. Kxe3 Kf6 49. Ke4 Ke6 50. h4 h5 1/2-1/2

[Event "HUN-chT2 Erkel 1415"]
[Site "Hungary"]
[Date "2014.11.30"]
[Round "3.10"]
[White "Laza, Szabolcs"]
[Black "Malik, Andras"]
[Result "1/2-1/2"]
[WhiteElo "2014"]
[BlackElo "2001"]
[PlyCount "82"]
[EventDate "2014.09.28"]
[EventType "team-tourn"]
[EventRounds "9"]
[EventCountry "HUN"]
[SourceTitle "EXT 2016"]
[Source "ChessBase"]
[SourceDate "2015.10.08"]
[SourceVersion "1"]
[SourceVersionDate "2015.10.08"]
[SourceQuality "1"]
[WhiteTeam "Budapest MTK"]
[BlackTeam "Andornaktalya"]
[WhiteTeamCountry "HUN"]
[BlackTeamCountry "HUN"]

1. d4 Nf6 2. c4 g6 3. Nc3 d5 4. cxd5 Nxd5 5. Na4 e6 6. e4 Nb6 7. Be3 Bg7 8. Nf3 0-0 9. Nc5 N6d7 10. Rc1 Nxc5 11. Rxc5 b6 12. Rc1 Bb7 13. Qc2 c6 14. Be2 Nd7 15. 0-0 e5 16. Rcd1 exd4 17. Bxd4 Bxd4 18. Nxd4 c5 19. Nb5 Qe7 20. Rd2 Rfd8 21. f3 Nf8 22. Rfd1 Ne6 23. Bc4 Rxd2 24. Qxd2 Ba6 25. Bxe6 Bxb5 26. Bd5 Rc8 27. Qc3 Bc6 28. Qd3 Bxd5 29. Qxd5 c4 30. Kf1 c3 31. bxc3 Rxc3 32. Qd8+ Qxd8 33. Rxd8+ Kg7 34. Rd2 b5 35. Ke2 b4 36. Rd4 a5 37. Kd1 Ra3 38. Rd2 Kf6 39. Kc1 Ke6 40. Kb2 f5 41. Re2 g5 1/2-1/2

[Event "Godal Memorial"]
[Site "Hungary"]
[Date "1999.??.??"]
[Round "1"]
[White "Malik, Andras"]
[Black "Kelemen, Gyorgy"]
[Result "0-1"]
[WhiteElo "1970"]
[BlackElo "2180"]
[PlyCount "86"]
[EventDate "1999.??.??"]
[EventType "swiss"]
[EventRounds "9"]
[EventCountry "HUN"]
[SourceTitle "EXT 2000"]
[Source "ChessBase"]
[SourceDate "1999.11.16"]
[SourceVersion "1"]
[SourceVersionDate "1999.11.16"]
[SourceQuality "1"]

1. e4 c5 2. c3 d6 3. d4 cxd4 4. cxd4 Nf6 5. Nc3 a6 6. Nf3 e6 7. Be2 Be7 8. 0-0 0-0 9. Bg5 b5 10. e5 Nfd7 11. Be3 Bb7 12. Bf4 Nb6 13. a3 Nd5 14. Bd2 Nd7 15. Nxd5 Bxd5 16. Bc3 Rc8 17. Nd2 dxe5 18. dxe5 Qb6 19. Bf3 Bxf3 20. Nxf3 Rfd8 21. Qe2 Nc5 22. Bd4 Qb7 23. Rac1 Nb3 24. Rxc8 Rxc8 25. Bc3 Nc5 26. Bb4 Na4 27. Bxe7 Qxe7 28. Rd1 Qc7 29. Qd2 h6 30. h3 Nb6 31. Qd4 Nd5 32. Nd2 Qc2 33. Nf3 Rc4 34. Qd2 Qg6 35. Qd3 Rc1 36. Qd2 Rc2 37. Qd4 Qf5 38. Nh4 Qf4 39. Qxf4 Nxf4 40. Rb1 Nd3 41. b4 Nxf2 42. Rb3 Ne4 43. Nf3 Nd2 0-1